Analytical chemistry (Record no. 176210)

000 -LEADER
fixed length control field 00314nam a2200109Ia 4500
008 - FIXED-LENGTH DATA ELEMENTS--GENERAL INFORMATION
fixed length control field 220217s9999||||xx |||||||||||||| ||und||
100 ## - MAIN ENTRY--PERSONAL NAME
Personal name Krupadanam, David, G.L and Etal.
9 (RLIN) 5302
245 #0 - TITLE STATEMENT
Title Analytical chemistry
260 ## - PUBLICATION, DISTRIBUTION, ETC.
Place of publication, distribution, etc. Univercity press
Name of publisher, distributor, etc. New Delhi
Date of publication, distribution, etc. 2001
300 ## - PHYSICAL DESCRIPTION
Extent X, 216p.
Other physical details 200
650 ## - SUBJECT ADDED ENTRY--TOPICAL TERM
Topical term or geographic name entry element CHEMISTRY
Holdings
Withdrawn status Lost status Damaged status Not for loan Collection code Home library Current library Shelving location Date acquired Barcode Date last seen Price effective from Koha item type
        Humanity Science Central Library Central Library Book Cart 02/18/2022 11399 02/18/2022 02/18/2022 Books

Powered by Koha